Closest countries to Jeddah - Statistics

General Stats
  • This quiz has been taken 20 times
  • The average score is 24 of 30
Answer Stats
mi km Continent Answer % Correct
152 245 Africa Egypt
100%
243 391 Africa Eritrea
93%
634 1020 Aisa Iraq
93%
124 199 Africa Sudan
93%
383 616 Asia Yemen
93%
656 1056 Africa Djibouti
87%
464 745 Africa Ethiopia
87%
827 1331 Asia Iran
87%
614 988 Asia Israel/Palestine
87%
566 911 Asia Jordan
87%
1165 1875 Africa Kenya
87%
810 1303 Asia UAE
87%
1264 2034 Asia Azerbaijan
80%
775 1247 Asia Bahrain
80%
993 1598 Africa Chad
80%
977 1572 Asia Cyprus
80%
698 1123 Asia Kuwait
80%
832 1339 Asia Lebanon
80%
911 1466 Africa Libya
80%
848 1365 Asia Oman
80%
771 1241 Asia Qatar
80%
744 1197 Africa Somalia
80%
750 1207 Africa South Sudan
80%
761 1225 Asia Syria
80%
1267 2039 Asia Armenia
73%
1206 1941 Europe Greece
73%
1006 1619 Asia Türkiye
73%
1244 2002 Africa Uganda
73%
1328 2137 Africa Democratic Republic of the Congo
60%
1300 2092 Africa Central African republic
53%
No matching quizzes found
Score Distribution
Percent of People with Each Score
Percentile by Number Answered
Your Score History
You have not taken this quiz